La sexta isla / (Registro nro. 3767)

Detalles MARC
000 -LEADER
fixed length control field 00833nam a2200241Ia 4500
003 - CONTROL NUMBER IDENTIFIER
control field OSt
005 - DATE AND TIME OF LATEST TRANSACTION
control field 20250411104339.0
008 - FIXED-LENGTH DATA ELEMENTS--GENERAL INFORMATION
fixed length control field 191128s1996 mx er 000 f spa d
020 ## - INTERNATIONAL STANDARD BOOK NUMBER
International Standard Book Number 9682110726
040 ## - CATALOGING SOURCE
Original cataloging agency CO-JMCR
Transcribing agency CO-JMCR
041 ## - LANGUAGE CODE
Language code of text/sound track or separate title spa
082 04 - DEWEY DECIMAL CLASSIFICATION NUMBER
Classification number A-N
Item number CHAs
100 1# - MAIN ENTRY--PERSONAL NAME
Personal name Chavarría, Daniel,
Dates associated with a name 1933
Relator term autor
9 (RLIN) 6585
245 13 - TITLE STATEMENT
Title La sexta isla /
Statement of responsibility, etc. Daniel Chavarría
250 ## - EDITION STATEMENT
Edition statement Primera edición
260 ## - PUBLICATION, DISTRIBUTION, ETC.
Place of publication, distribution, etc. México :
Name of publisher, distributor, etc. Roca,
Date of publication, distribution, etc. ©1996
300 ## - PHYSICAL DESCRIPTION
Extent 374 páginas ;
Dimensions 21 cm.
490 0# - SERIES STATEMENT
Series statement La llave de cristal
500 ## - GENERAL NOTE
General note Incluye biográfia del autor solapa trasera
520 ## - SUMMARY, ETC.
Summary, etc. ¿Cómo es posible que puedan conectarse los destinos de un alto ejecitivo de la ITT, un pirata holandes del siglo XVII y de un húerfano uruguayo obstinado por encontrar a Dios?
650 04 - SUBJECT ADDED ENTRY--TOPICAL TERM
Topical term or geographic name entry element Novela Uruguaya
9 (RLIN) 6586
942 ## - ADDED ENTRY ELEMENTS (KOHA)
Source of classification or shelving scheme Dewey Decimal Classification
Koha item type Books
Existencias
Withdrawn status Lost status Source of classification or shelving scheme Damaged status Not for loan Collection code Home library Current library Date acquired Source of acquisition Cost, normal purchase price Total Checkouts Full call number Barcode Date last seen Date last checked out Copy number Koha item type
    Dewey Decimal Classification     Fiction Biblioteca Pública José María del Castillo y Rada Biblioteca Pública José María del Castillo y Rada 07/02/2020 Donación 0.00 2 A-N CHAs 201808073 10/04/2023 10/04/2023 Ej.1 Books